• 首页
  • 本馆介绍
  • 公告通知
  • 最新文献
  • 馆藏检索
  • 电子资源
  • 读者导购
  • 参考咨询
  • 我的图书馆
  • 登录
  • 详细信息显示
  • 放入我的书架
  • 预约/预借图书
  • 作者相关作品
  • 分类相关作品
  • 丛书相关作品
  • 出版社相关作品

书目信息

  • 表格格式
  • 工作单格式
  • 卡片格式
题名:
原子能之父 爱因斯坦
    
 
作者: 黄萍 主编
分册:  
出版信息: 成都   巴蜀书社  2019重印
页数: 220页
开本: 22cm
丛书名: 中外名人传记
单 册:
中图分类: K837.126.11 , K835.16
科图分类:
主题词: 科学家--ke xue jia--传记--美国--现代
电子资源:
ISBN: 978-7-5531-1047-9
000 01224nam 2200337 45
001 438766
005 20140102103537.0
010    @a978-7-5531-1047-9@dCNY35.00
099    @aCAL 012019037025
100    @a20181218d2018 em y0chiy50 ea
101 0  @achi
102    @aCN@b510000
105    @aac z 000yb
106    @ar
200 1  @a原子能之父 爱因斯坦@Ayuan zi neng zhi fu ai yin si tan@f黄萍主编
210    @a成都@c巴蜀书社@d2019重印
215    @a220页@c图, 肖像@d22cm
225 2  @a中外名人传记@Azhong wai ming ren zhuan ji
312    @a英文并列题名取自封面
314    @a黄萍, 四川师范大学教育科学学院教授, 中山大学哲学学士。
330    @a本书讲述了这位科学巨人不平凡的一生, 及其为人类做出的巨大贡献。简练叙述了这些爱因斯坦出生和成长的典型事件和重要节点, 挖掘了他们积极向上、艰苦奋斗、不断创新、乐于奉献等精神情怀。
333    @a大众读者
410  0 @12001 @a中外名人传记
510 1  @aEinstein@zeng
600  1 @a爱因斯坦@Aai yin si tan@g(Einstein, Albert),@f1879-1955@x传记
606 0  @a科学家@Ake xue jia@x传记@y美国@z现代
690    @aK837.126.11@v5
690    @aK835.16@v5
701  0 @a黄萍@Ahuang ping@4主编
801  0 @aCN@b上海新华@c20191020
905    @b1186350-3@dK837.126.11@e1065@f4
    
    原子能之父 爱因斯坦/黄萍主编.-成都:巴蜀书社,2019重印
    220页:图, 肖像;22cm.-(中外名人传记)
    使用对象:大众读者
    
    ISBN 978-7-5531-1047-9:CNY35.00
    本书讲述了这位科学巨人不平凡的一生, 及其为人类做出的巨大贡献。简练叙述了这些爱因斯坦出生和成长的典型事件和重要节点, 挖掘了他们积极向上、艰苦奋斗、不断创新、乐于奉献等精神情怀。
●
相关链接 在E读中查询图书 在五车中查询图书 在当当中查询图书 在豆瓣中查询图书


正题名:原子能之父 爱因斯坦     索取号:K837.126.11/1065         预约/预借

序号 登录号 条形码 馆藏地/架位号 状态 备注
1 1186350   211863508   第二样本阅览室/ [索取号:K837.126.11/1065] 在馆    
2 1186351   211863517   第二借阅区/ [索取号:K837.126.11/1065] 在馆    
3 1186352   211863526   第二借阅区/ [索取号:K837.126.11/1065] 在馆    
4 1186353   211863535   第二借阅区/ [索取号:K837.126.11/1065] 在馆    
唐山师范学院图书馆 欢迎您!
大连网信软件有限公司© 版权所有